000 00575nam a22001697a 4500
003 0
005 20160609165236.0
008 100105t xxu||||| |||| 00| 0 eng d
037 _aM15390
_bBIBLIO
040 _aUAC
_bF
_cEPAC
100 _aJacques ADOLIOSSI
_92527
245 _aCriblage des nerica et de leurs parents pour leur résistance aux insectes de stocks: cas de sitophilus oryzae (linae) et de rhizopertha dominica (Fabricus)
260 _aEPAC
_bBIBLIO
_c2007-2008
300 _aI-55p
_c29cm
650 _aAMENAGEMENT PROTECTION ENVIRONNRMENT
_92528
942 _cTHE
999 _c46645
_d46645